000 004500000a22001690004500
003 MACL
005 20151229144738.0
008 151229b xxu||||| |||| 00| 0 eng d
040 _aMACL
_cMACL
041 _aEnglish
082 _a181.45/HUT
100 _aHutchinson, Ronald
_923964
245 _aYoga
_bA way of Life
260 _bThe Hamlyn Publishing Group Ltd
_c1974
_aToronto
650 _aOriental philosophy
_9339
942 _cBK
_k181.45/HUT
_2ddc
999 _c34375
_d34375